[Event "CZE-chT2A 1112"]
[Site "Czech Republic"]
[Date "2011.11.20"]
[Round "3"]
[White "Vaindl, Jaroslav"]
[Black "Trmota, Zdenek"]
[Result "1/2-1/2"]
[WhiteElo "2133"]
[BlackElo "2185"]
[PlyCount "77"]
[EventDate "2011.10.09"]
[EventType "team-tourn"]
[EventRounds "11"]
[EventCountry "CZE"]
[SourceTitle "EXT 2013"]
[Source "ChessBase"]
[SourceDate "2012.11.22"]
[SourceVersion "1"]
[SourceVersionDate "2012.11.22"]
[SourceQuality "1"]
[WhiteTeam "Line"]
[BlackTeam "Plzen Letna"]
[WhiteTeamCountry "CZE"]
[BlackTeamCountry "CZE"]

1. e4 e6 2. d4 d5 3. Nc3 Nf6 4. e5 Ng8 5. f4 Ne7 6. Nf3 b6 7. Be3 Ba6 8. Nb5 Nf5 9. Bf2 c6 10. Nc3 Bxf1 11. Rxf1 h5 12. Ne2 Be7 13. Qd2 Qc8 14. 0-0-0 Qa6 15. Kb1 c5 16. g3 Nc6 17. c3 c4 18. h3 Nh6 19. Rg1 0-0-0 20. g4 hxg4 21. hxg4 b5 22. Bh4 Qb7 23. Bxe7 Qxe7 24. Rg2 Kb8 25. Rh1 Qd7 26. Rgh2 Rhf8 27. Rh4 Ka8 28. Ng3 Ne7 29. Qc2 Ng6 30. f5 Nxh4 31. Rxh4 Rh8 32. a3 Rdg8 33. Qh2 Qd8 34. Qh3 Qe8 35. Ng5 Qe7 36. Nf3 Qf8 37. Ng5 Qe7 38. Nf3 Qf8 39. Ng5 1/2-1/2

[Event "CZE-chT2A 1011"]
[Site "Czech Republic"]
[Date "2010.11.07"]
[Round "2"]
[White "Roj, Miroslav"]
[Black "Trmota, Zdenek"]
[Result "1/2-1/2"]
[WhiteElo "2156"]
[BlackElo "2176"]
[PlyCount "73"]
[EventDate "2010.10.17"]
[EventType "team-tourn"]
[EventRounds "11"]
[EventCountry "CZE"]
[SourceTitle "EXT 2012"]
[Source "ChessBase"]
[SourceDate "2011.11.24"]
[SourceVersion "1"]
[SourceVersionDate "2011.11.24"]
[SourceQuality "1"]
[WhiteTeam "Pisek Platan"]
[BlackTeam "Plzen Letna"]
[WhiteTeamCountry "CZE"]
[BlackTeamCountry "CZE"]

1. e4 e6 2. d4 d5 3. Nd2 Nf6 4. e5 Nfd7 5. c3 c5 6. Bd3 b6 7. Nh3 Ba6 8. Bxa6 Nxa6 9. 0-0 Qc7 10. Qe2 Qb7 11. Nf4 cxd4 12. cxd4 Nb4 13. Nf3 Qa6 14. Qxa6 Nxa6 15. a3 Be7 16. Bd2 0-0 17. Rfc1 Rfc8 18. Nd3 h6 19. a4 Kf8 20. b4 Ke8 21. b5 Nc7 22. Bb4 a5 23. Bd6 Kd8 24. Rc6 Ne8 25. g3 Rxc6 26. bxc6 Nf8 27. Bxe7+ Kxe7 28. Rb1 Ra6 29. Nfe1 Kd8 30. Nc2 Kc7 31. Rc1 Kd8 32. Na3 Nc7 33. f4 Ng6 34. g4 Ne7 35. Nb5 Nxb5 36. axb5 Ra7 37. Ra1 1/2-1/2

[Event "CZE-chT2A 0910"]
[Site "Czech Republic"]
[Date "2010.01.31"]
[Round "6.5"]
[White "Hruby, Milan"]
[Black "Trmota, Zdenek"]
[Result "1/2-1/2"]
[WhiteElo "2125"]
[BlackElo "2171"]
[PlyCount "32"]
[EventDate "2009.10.18"]
[EventType "team-tourn"]
[EventRounds "11"]
[EventCountry "CZE"]
[SourceTitle "EXT 2012"]
[Source "ChessBase"]
[SourceDate "2011.11.24"]
[SourceVersion "1"]
[SourceVersionDate "2011.11.24"]
[SourceQuality "1"]
[WhiteTeam "Tabor"]
[BlackTeam "Plzen Letna"]
[WhiteTeamCountry "CZE"]
[BlackTeamCountry "CZE"]

1. e4 e6 2. d4 d5 3. Nc3 Nf6 4. Bg5 dxe4 5. Nxe4 Be7 6. Bxf6 Bxf6 7. Nf3 Nd7 8. Qd2 b6 9. 0-0-0 Bb7 10. Bd3 Qe7 11. Kb1 0-0-0 12. Rhe1 Rhe8 13. Bb5 c6 14. Ba4 Nb8 15. Qc3 Qc7 16. Ne5 Rf8 1/2-1/2

[Event "CZE-chT2A 0910"]
[Site "Czech Republic"]
[Date "2009.11.17"]
[Round "4.5"]
[White "Simunek, Filip"]
[Black "Trmota, Zdenek"]
[Result "0-1"]
[WhiteElo "2123"]
[BlackElo "2171"]
[PlyCount "80"]
[EventDate "2009.10.18"]
[EventType "team-tourn"]
[EventRounds "11"]
[EventCountry "CZE"]
[SourceTitle "EXT 2012"]
[Source "ChessBase"]
[SourceDate "2011.11.24"]
[SourceVersion "1"]
[SourceVersionDate "2011.11.24"]
[SourceQuality "1"]
[WhiteTeam "Plzen Sokol"]
[BlackTeam "Plzen Letna"]
[WhiteTeamCountry "CZE"]
[BlackTeamCountry "CZE"]

1. d4 Nf6 2. Nf3 g6 3. c4 Bg7 4. Nc3 0-0 5. e4 d6 6. Be2 e5 7. 0-0 Nc6 8. d5 Ne7 9. Ne1 Ne8 10. Be3 f5 11. f3 f4 12. Bf2 g5 13. Rc1 Ng6 14. c5 h5 15. cxd6 cxd6 16. Nb5 a6 17. Na7 Bd7 18. Qb3 Qb8 19. Qb6 Bf6 20. Bxa6 bxa6 21. Qxa6 g4 22. fxg4 hxg4 23. Rc3 Qd8 24. Bb6 Qe7 25. Qb7 Ng7 26. Rc7 Rfb8 27. Qa6 Qe8 28. Rf2 Bh4 29. Re2 Nh5 30. Bf2 Bb5 31. Qxd6 Bxe2 32. Bxh4 Rd8 33. Bxd8 Rxd8 34. Qc5 Nf6 35. d6 Kh8 36. Nc6 Ra8 37. a3 f3 38. Qe3 Nf4 39. gxf3 gxf3 40. Kf2 Ng4+ 0-1

[Event "CZE-chT1W 0809"]
[Site "Czech Republic"]
[Date "2009.03.15"]
[Round "10.5"]
[White "Vrana, Jan"]
[Black "Trmota, Zdenek"]
[Result "1/2-1/2"]
[WhiteElo "2219"]
[BlackElo "2159"]
[PlyCount "44"]
[EventDate "2008.10.19"]
[EventType "team-tourn"]
[EventRounds "11"]
[EventCountry "CZE"]
[SourceTitle "EXT 2010"]
[Source "ChessBase"]
[SourceDate "2010.11.25"]
[SourceVersion "1"]
[SourceVersionDate "2010.11.25"]
[SourceQuality "1"]
[WhiteTeam "Novoborsky II"]
[BlackTeam "Plzen Letna"]
[WhiteTeamCountry "CZE"]
[BlackTeamCountry "CZE"]

1. e4 e6 2. d4 d5 3. Nd2 Nf6 4. e5 Nfd7 5. Bd3 c5 6. c3 b6 7. Nh3 Ba6 8. Bxa6 Nxa6 9. 0-0 Qc7 10. Qf3 cxd4 11. cxd4 Nb4 12. Nb3 Qc2 13. Bd2 Qd3 14. Be3 Be7 15. Rfd1 Qc2 16. Rd2 Qe4 17. Qxe4 dxe4 18. a3 Nd5 19. Rc2 f5 20. exf6 gxf6 21. Nf4 Nxf4 22. Bxf4 Kf7 1/2-1/2

[Event "Klatovy op-A"]
[Site "Klatovy"]
[Date "2007.07.06"]
[Round "7"]
[White "Cakl, Zdenek"]
[Black "Trmota, Zdenek"]
[Result "1-0"]
[WhiteElo "2132"]
[BlackElo "2159"]
[PlyCount "113"]
[EventDate "2007.06.30"]
[EventType "swiss"]
[EventRounds "9"]
[EventCountry "CZE"]
[SourceTitle "CBM 119 Extra"]
[Source "ChessBase"]
[SourceDate "2007.09.04"]
[SourceVersion "1"]
[SourceVersionDate "2007.09.04"]
[SourceQuality "1"]

1. Nf3 Nf6 2. b3 d5 3. Bb2 Bf5 4. e3 e6 5. Be2 h6 6. 0-0 Bd6 7. c4 c6 8. d4 Nbd7 9. Bd3 Bxd3 10. Qxd3 0-0 11. Nbd2 Be7 12. Rfe1 Qc7 13. Rac1 Rad8 14. a3 Qb8 15. b4 a6 16. Rb1 b5 17. c5 Qb7 18. Nb3 Ra8 19. Ne5 Bd8 20. Bc3 Bc7 21. f3 Rfd8 22. g4 Nxe5 23. dxe5 Nd7 24. f4 a5 25. Ra1 axb4 26. axb4 Rxa1 27. Rxa1 Ra8 28. Rxa8+ Qxa8 29. e4 Qa3 30. Nd2 Nxc5 31. bxc5 b4 32. exd5 cxd5 33. Nb1 Qc1+ 34. Qf1 Qxf1+ 35. Kxf1 bxc3 36. Nxc3 g5 37. Nb5 Bb8 38. c6 gxf4 39. c7 Bxc7 40. Nxc7 Kg7 41. Kf2 d4 42. Kf3 d3 43. Ne8+ Kg6 44. Nf6 Kg5 45. Ne4+ Kh4 46. Kxf4 Kh3 47. Nf2+ Kxh2 48. Nxd3 Kh3 49. Nf2+ Kh4 50. Ne4 h5 51. g5 Kh3 52. Nd6 h4 53. Nxf7 Kg2 54. g6 h3 55. g7 h2 56. g8Q+ Kh1 57. Qh7 1-0

[Event "CZE-chT2a 0405"]
[Site "Czech Republic"]
[Date "2004.11.07"]
[Round "2.6"]
[White "Meszaros, Ludek"]
[Black "Trmota, Zdenek"]
[Result "1/2-1/2"]
[WhiteElo "2190"]
[BlackElo "2174"]
[PlyCount "87"]
[EventDate "2004.10.17"]
[EventType "team"]
[EventRounds "11"]
[EventCountry "CZE"]
[SourceTitle "EXT 2007"]
[Source "ChessBase"]
[SourceDate "2006.11.23"]
[SourceVersion "1"]
[SourceVersionDate "2006.11.23"]
[SourceQuality "1"]
[WhiteTeam "Tabor"]
[BlackTeam "Plzen Letna"]
[WhiteTeamCountry "CZE"]
[BlackTeamCountry "CZE"]

1. e4 e6 2. d3 d5 3. Nd2 Nf6 4. Ngf3 b6 5. g3 Bb7 6. Bg2 dxe4 7. Ng5 h6 8. Ngxe4 Nxe4 9. Nxe4 Qc8 10. 0-0 Nd7 11. Bd2 Nc5 12. Bc3 Nxe4 13. dxe4 Qd7 14. Qh5 0-0-0 15. Rad1 Qe8 16. Rxd8+ Kxd8 17. f4 Bc5+ 18. Kh1 f6 19. Qg4 Qf7 20. b4 Be7 21. e5 Bxg2+ 22. Kxg2 Kc8 23. a4 Rd8 24. a5 f5 25. Qe2 Qe8 26. Qc4 Qd7 27. axb6 axb6 28. Rf3 Qd5 29. Qa6+ Qb7 30. Qc4 Qd5 31. Qa6+ Kb8 32. h4 Qe4 33. Qa2 Qd5 34. Qxd5 Rxd5 35. h5 Kb7 36. g4 fxg4 37. Rg3 Kc6 38. Rxg4 Bf8 39. Rg6 Kd7 40. Kf3 Rd1 41. Rg2 Rh1 42. Kg4 Rb1 43. Kf3 Ke8 44. Bd2 1/2-1/2

[Event "CZE-chT2a 0405"]
[Site "Czech Republic"]
[Date "2004.10.17"]
[Round "1.5"]
[White "Burdik, Lubomir"]
[Black "Trmota, Zdenek"]
[Result "1-0"]
[WhiteElo "2150"]
[BlackElo "2174"]
[PlyCount "67"]
[EventDate "2004.10.17"]
[EventType "team"]
[EventRounds "11"]
[EventCountry "CZE"]
[SourceTitle "EXT 2007"]
[Source "ChessBase"]
[SourceDate "2006.11.23"]
[SourceVersion "1"]
[SourceVersionDate "2006.11.23"]
[SourceQuality "1"]
[WhiteTeam "Zizkov"]
[BlackTeam "Plzen Letna"]
[WhiteTeamCountry "CZE"]
[BlackTeamCountry "CZE"]

1. c4 Nf6 2. Nc3 g6 3. d4 Bg7 4. e4 d6 5. f3 0-0 6. Be3 e5 7. Nge2 c6 8. Qd2 Nbd7 9. d5 cxd5 10. cxd5 a6 11. Nc1 Nh5 12. Nd3 f5 13. 0-0-0 Nhf6 14. Be2 Nb6 15. b3 Bd7 16. Kb1 Nc8 17. Rc1 Na7 18. Nb2 fxe4 19. Nxe4 Bf5 20. Bd3 Bxe4 21. Bxe4 Nxe4 22. fxe4 Nb5 23. h4 Qd7 24. Qe2 Nd4 25. Bxd4 exd4 26. h5 Rae8 27. hxg6 hxg6 28. g4 Rf4 29. Qh2 Be5 30. Nd3 Rf1 31. Nxe5 Rxc1+ 32. Kxc1 dxe5 33. Qh8+ Kf7 34. Rh7# 1-0

[Event "CZE-chT2J 0203"]
[Site "Czech Republic"]
[Date "2003.??.??"]
[Round "3"]
[White "Trmota, Zdenek"]
[Black "Vasicek, Martin"]
[Result "1/2-1/2"]
[WhiteElo "2214"]
[BlackElo "2133"]
[PlyCount "112"]
[EventDate "2002.10.??"]
[EventType "team"]
[EventRounds "11"]
[EventCountry "CZE"]
[SourceTitle "EXT 2007"]
[Source "ChessBase"]
[SourceDate "2006.11.23"]
[SourceVersion "1"]
[SourceVersionDate "2006.11.23"]
[SourceQuality "1"]

1. d4 Nf6 2. Nf3 d5 3. c4 e6 4. Nc3 Nbd7 5. cxd5 exd5 6. Bg5 Be7 7. e3 c6 8. Bd3 0-0 9. Qc2 Re8 10. 0-0 Nf8 11. Ne5 Ng4 12. Bxe7 Qxe7 13. Nf3 Nf6 14. Ne2 Ne4 15. Ng3 Nxg3 16. hxg3 Be6 17. Rab1 a5 18. a4 g6 19. Qc3 Nd7 20. b4 axb4 21. Rxb4 Nf6 22. Rfb1 Reb8 23. Qb2 Bc8 24. Ne5 Qd6 25. Rb6 Rxa4 26. Rxc6 Qd8 27. Qc2 Rba8 28. Rcb6 Ra2 29. R6b2 R2a3 30. Rb3 Ra2 31. R3b2 R2a3 32. Rc1 Ra1 33. Rbb1 R1a2 34. Rb2 Ra1 35. Rxa1 Rxa1+ 36. Rb1 Rxb1+ 37. Qxb1 Qa5 38. Qc1 Be6 39. Kf1 Kg7 40. Qb2 Qc7 41. Ke2 Ne8 42. Qc2 Qa5 43. Qc5 Qa2+ 44. Ke1 Qa1+ 45. Ke2 Qh1 46. Qe7 Nf6 47. Qxb7 Qxg2 48. Qb1 Bh3 49. Qe1 h5 50. Kd2 g5 51. Qe2 Be6 52. Qf3 Qg1 53. Bf5 h4 54. gxh4 gxh4 55. Bxe6 fxe6 56. Ke2 Qg5 1/2-1/2

[Event "CZE-chT2J 0203"]
[Site "Czech Republic"]
[Date "2002.??.??"]
[Round "2"]
[White "Trmota, Zdenek"]
[Black "Cedikova, Katerina"]
[Result "0-1"]
[WhiteElo "2214"]
[BlackElo "2184"]
[PlyCount "76"]
[EventDate "2002.10.??"]
[EventType "team"]
[EventRounds "11"]
[EventCountry "CZE"]
[SourceTitle "EXT 2007"]
[Source "ChessBase"]
[SourceDate "2006.11.23"]
[SourceVersion "1"]
[SourceVersionDate "2006.11.23"]
[SourceQuality "1"]

1. d4 g6 2. e4 Bg7 3. c4 d6 4. Nc3 Nf6 5. Nf3 0-0 6. Be2 e5 7. 0-0 Nc6 8. d5 Ne7 9. Ne1 Ne8 10. Be3 f5 11. f3 f4 12. Bf2 g5 13. a4 h5 14. a5 Rf6 15. c5 Rg6 16. cxd6 Nxd6 17. Kh1 Bf6 18. Nb5 g4 19. Qc2 Bd7 20. Nxd6 cxd6 21. Qb3 g3 22. Bg1 h4 23. Bb5 h3 24. Bxd7 Qxd7 25. Rc1 Kf7 26. Rc2 gxh2 27. Bxh2 Bh4 28. Qd3 Rag8 29. Rff2 Bxf2 30. Rxf2 hxg2+ 31. Rxg2 Qh3 32. Rxg6 Rxg6 33. Qe2 Rg8 34. Nc2 Rg5 35. Na3 Ng6 36. Nb5 Nh4 37. Nxd6+ Kg8 38. Nc4 Rg2 0-1

[Event "CZE-chTJ 0102"]
[Site "Czech Republic"]
[Date "2002.??.??"]
[Round "3"]
[White "Vanko, Jiri"]
[Black "Trmota, Zdenek"]
[Result "0-1"]
[WhiteElo "2057"]
[BlackElo "2210"]
[PlyCount "78"]
[EventDate "2001.??.??"]
[EventType "team"]
[EventRounds "11"]
[EventCountry "CZE"]
[SourceTitle "EXT 2003"]
[Source "ChessBase"]
[SourceDate "2002.11.25"]
[SourceVersion "1"]
[SourceVersionDate "2002.11.25"]
[SourceQuality "1"]
[WhiteTeam "Sokolov"]
[BlackTeam "Plzen Letna"]
[WhiteTeamCountry "CZE"]
[BlackTeamCountry "CZE"]

1. e4 e6 2. d4 d5 3. e5 c5 4. c3 Ne7 5. Bd3 Nec6 6. Nf3 b6 7. 0-0 Ba6 8. Bxa6 Nxa6 9. Qa4 Nab8 10. Be3 Qd7 11. dxc5 bxc5 12. Qg4 Qb7 13. b3 Nd7 14. Qg3 Ne7 15. Nbd2 h6 16. h4 Nf5 17. Qg4 h5 18. Qa4 a6 19. Bf4 Be7 20. g3 Qb5 21. Qa3 c4 22. Qc1 Nc5 23. bxc4 dxc4 24. Nd4 Qa4 25. Nxf5 exf5 26. Nf3 Nd3 27. Qd2 0-0 28. Nd4 Qd7 29. Rab1 Bc5 30. Qe2 Bxd4 31. cxd4 Nxf4 32. gxf4 Qxd4 33. Rb4 Rac8 34. Rc1 Qd3 35. Qxh5 c3 36. Kg2 c2 37. Qf3 Qd2 38. Qe3 Qxb4 39. e6 Qe4+ 0-1

[Event "CZE-chTJ 0001"]
[Site "Czech Republic"]
[Date "2001.??.??"]
[Round "3"]
[White "Trmota, Zdenek"]
[Black "Sott, Pavel"]
[Result "1/2-1/2"]
[WhiteElo "2240"]
[BlackElo "2150"]
[PlyCount "84"]
[EventDate "2000.??.??"]
[EventType "team"]
[EventRounds "11"]
[EventCountry "CZE"]
[SourceTitle "EXT 2003"]
[Source "ChessBase"]
[SourceDate "2002.11.25"]
[SourceVersion "1"]
[SourceVersionDate "2002.11.25"]
[SourceQuality "1"]

1. d4 Nf6 2. Nf3 e6 3. c4 c5 4. Nc3 cxd4 5. Nxd4 Nc6 6. g3 Qc7 7. Bg2 a6 8. 0-0 Be7 9. Bf4 e5 10. Nxc6 dxc6 11. Bg5 Be6 12. b3 0-0 13. Qc2 Rad8 14. Rad1 h6 15. Bc1 Qc8 16. Rxd8 Rxd8 17. Rd1 Rxd1+ 18. Nxd1 Bh3 19. Bb2 Bxg2 20. Kxg2 Qe6 21. Ne3 Bc5 22. Qd3 Bb6 23. Nd1 h5 24. e4 h4 25. f3 Nh5 26. Ne3 Qe7 27. Nf5 Qc5 28. Qf1 hxg3 29. hxg3 a5 30. Bc1 Qb4 31. Qd1 a4 32. Be3 Bxe3 33. Nxe3 Qc3 34. Kf2 axb3 35. axb3 Qb2+ 36. Qc2 Qd4 37. Qe2 Nf4 38. Qc2 Nh3+ 39. Ke2 g6 40. Qd1 Qb2+ 41. Qc2 Qa3 42. Qd1 Qb2+ 1/2-1/2

[Event "Schneider Bohemia op-A"]
[Site "Plzen"]
[Date "2000.??.??"]
[Round "?"]
[White "Burdova, Ksenija"]
[Black "Trmota, Zdenek"]
[Result "1/2-1/2"]
[WhiteElo "2130"]
[BlackElo "2240"]
[PlyCount "129"]
[EventDate "2000.??.??"]
[EventType "swiss"]
[EventRounds "9"]
[EventCountry "CZE"]
[SourceTitle "EXT 2003"]
[Source "ChessBase"]
[SourceDate "2002.11.25"]
[SourceVersion "1"]
[SourceVersionDate "2002.11.25"]
[SourceQuality "1"]

1. e4 e6 2. b3 Nf6 3. Nc3 d5 4. exd5 exd5 5. Bb2 c6 6. Qe2+ Qe7 7. 0-0-0 Qxe2 8. Bxe2 Bd6 9. Bf3 0-0 10. h3 Bf5 11. Nge2 Nbd7 12. g4 Bg6 13. Bg2 Ne8 14. h4 h5 15. g5 f5 16. f4 Nc7 17. Rhf1 Bf7 18. Ng3 g6 19. Nce2 Ne6 20. d4 Nc7 21. Kb1 Rfe8 22. Kc1 Re7 23. Kd2 a5 24. Nc1 Rae8 25. Nd3 a4 26. Rde1 Rxe1 27. Rxe1 Rxe1 28. Kxe1 axb3 29. axb3 Nf8 30. Ne2 Nb5 31. Kd2 Bc7 32. Ne5 Nd6 33. Ba3 Ne4+ 34. Bxe4 fxe4 35. Bxf8 Kxf8 36. Ng3 Be8 37. Ke3 Ba5 38. c4 Be1 39. Ne2 Ke7 40. cxd5 cxd5 41. f5 Bxh4 42. Kf4 gxf5 43. Kxf5 Bf2 44. g6 Kf8 45. Nf4 e3 46. Kg5 Bb5 47. Kh6 e2 48. Nxe2 Bxe2 49. Kh7 Bd3 50. Nxd3 Bxd4 51. Nf4 Be5 52. Nxd5 h4 53. Ne3 h3 54. Ng4 Bd4 55. Nh2 b5 56. Nf3 Bf6 57. Nh2 Bd4 58. Ng4 Ke7 59. g7 Bxg7 60. Kxg7 Kd6 61. Kh6 Kc5 62. Kg5 Kb4 63. Kh4 Kxb3 64. Kxh3 b4 65. Ne5 1/2-1/2

[Event "CZE-chT2 9900"]
[Site "Czech Republic"]
[Date "2000.??.??"]
[Round "?"]
[White "Folk, Petr"]
[Black "Trmota, Zdenek"]
[Result "1-0"]
[WhiteElo "2246"]
[BlackElo "2275"]
[PlyCount "47"]
[EventDate "1999.??.??"]
[EventType "team"]
[EventRounds "11"]
[EventCountry "CZE"]
[SourceTitle "EXT 2001"]
[Source "ChessBase"]
[SourceDate "2000.11.22"]
[SourceVersion "1"]
[SourceVersionDate "2000.11.22"]
[SourceQuality "1"]

1. e4 d5 2. exd5 Qxd5 3. Nc3 Qa5 4. d4 c6 5. Bc4 Nf6 6. Nf3 Bg4 7. Qd3 e6 8. Ne5 Bf5 9. Qe2 Ne4 10. 0-0 Nxc3 11. bxc3 Bd6 12. Nxf7 Kxf7 13. g4 Re8 14. Qf3 g6 15. Rb1 b6 16. Re1 h5 17. h3 hxg4 18. hxg4 Nd7 19. Qxc6 Bh2+ 20. Kxh2 Bxg4 21. Rb5 Qxb5 22. Bxb5 Rh8+ 23. Kg3 Nf6 24. Qb7+ 1-0

[Event "Schneider Bohemia op-A"]
[Site "Plzen"]
[Date "2000.??.??"]
[Round "?"]
[White "Polak, Benedikt"]
[Black "Trmota, Zdenek"]
[Result "0-1"]
[WhiteElo "2005"]
[BlackElo "2240"]
[PlyCount "142"]
[EventDate "2000.??.??"]
[EventType "swiss"]
[EventRounds "9"]
[EventCountry "CZE"]
[SourceTitle "EXT 2003"]
[Source "ChessBase"]
[SourceDate "2002.11.25"]
[SourceVersion "1"]
[SourceVersionDate "2002.11.25"]
[SourceQuality "1"]

1. e4 e6 2. Qe2 c5 3. f4 Nc6 4. Nf3 Nf6 5. c3 d5 6. e5 Ng8 7. g3 c4 8. d4 cxd3 9. Qxd3 Qb6 10. Qb5 Qxb5 11. Bxb5 Bd7 12. Bd3 Bc5 13. Nbd2 Nge7 14. Nb3 Bb6 15. Kf1 f6 16. Kg2 fxe5 17. fxe5 0-0 18. Bf4 h6 19. h4 Nf5 20. Rhe1 Rac8 21. Rad1 a5 22. Bxf5 Rxf5 23. Nbd4 Nxd4 24. Nxd4 Rff8 25. Rd2 Rc4 26. Red1 Ba7 27. Nf3 b5 28. Rd3 Ra4 29. a3 Bc5 30. Nd4 b4 31. axb4 axb4 32. Be3 Ra2 33. R1d2 Rb8 34. Nf3 Bxe3 35. Rxe3 bxc3 36. bxc3 Ra4 37. Nd4 Rc8 38. Kh3 Rac4 39. Rdd3 Kf7 40. Kg2 Ke7 41. Kf3 Be8 42. Ne2 Bg6 43. Rd4 Be4+ 44. Kf2 R4c7 45. g4 g6 46. Kg3 h5 47. g5 Bf5 48. Ra4 Bg4 49. Nf4 Kf7 50. Ra3 Rb8 51. Nd3 Rb1 52. Nb4 Kg7 53. Ra6 Rc1 54. Rc6 Rf7 55. Rd6 Rh1 56. Kg2 Rhf1 57. Nc6 R1f4 58. Nd8 Re7 59. Nc6 Re8 60. Rd7+ Rf7 61. Rxf7+ Kxf7 62. Nd4 Rc8 63. Kg3 Rc4 64. Kf4 Ke7 65. Rd3 Kd7 66. Re3 Kc7 67. Rd3 Kb6 68. Ke3 Ra4 69. Kf4 Ra1 70. Kg3 Re1 71. Kf4 Re4+ 0-1

[Event "CZE-chT2 9900"]
[Site "Czech Republic"]
[Date "2000.??.??"]
[Round "?"]
[White "Trichkov, Vasil"]
[Black "Trmota, Zdenek"]
[Result "1-0"]
[WhiteElo "2350"]
[BlackElo "2275"]
[PlyCount "105"]
[EventDate "1999.??.??"]
[EventType "team"]
[EventRounds "11"]
[EventCountry "CZE"]
[SourceTitle "EXT 2001"]
[Source "ChessBase"]
[SourceDate "2000.11.22"]
[SourceVersion "1"]
[SourceVersionDate "2000.11.22"]
[SourceQuality "1"]

1. e4 e6 2. d4 d5 3. Nc3 Bb4 4. Nge2 dxe4 5. a3 Be7 6. Nxe4 Nc6 7. Be3 Nf6 8. f3 0-0 9. Qd2 e5 10. Nxf6+ Bxf6 11. d5 Ne7 12. 0-0-0 Nf5 13. Kb1 Nxe3 14. Qxe3 Qe7 15. Nc3 Bg5 16. Qf2 f5 17. Bc4 Kh8 18. Rhe1 e4 19. g3 e3 20. Qe2 f4 21. d6 cxd6 22. Nd5 Qe5 23. gxf4 Bxf4 24. Nxf4 Qxf4 25. Bd5 Bf5 26. Qxe3 Qxh2 27. Re2 Qh4 28. Rg1 Qf6 29. Reg2 g6 30. Rh2 Qg7 31. Rgh1 Rae8 32. Rxh7+ Qxh7 33. Qd4+ Re5 34. f4 Qxh1+ 35. Bxh1 Rfe8 36. fxe5 dxe5 37. Qe3 Kg7 38. Bxb7 a5 39. Be4 Rd8 40. Kc1 Kf6 41. Qf3 Rd4 42. Bxf5 gxf5 43. c3 Rg4 44. b4 axb4 45. axb4 e4 46. Qf2 Kg5 47. Qe3+ Rf4 48. b5 Kg4 49. Qxf4+ Kxf4 50. b6 Kf3 51. b7 e3 52. b8Q f4 53. Kd1 1-0

[Event "CZE-chTJ 0001"]
[Site "Czech Republic"]
[Date "2000.??.??"]
[Round "3"]
[White "Trmota, Zdenek"]
[Black "Hlavacek, Jiri"]
[Result "0-1"]
[WhiteElo "2240"]
[BlackElo "2185"]
[PlyCount "138"]
[EventDate "2000.??.??"]
[EventType "team"]
[EventRounds "11"]
[EventCountry "CZE"]
[SourceTitle "EXT 2003"]
[Source "ChessBase"]
[SourceDate "2002.11.25"]
[SourceVersion "1"]
[SourceVersionDate "2002.11.25"]
[SourceQuality "1"]

1. d4 c5 2. d5 f5 3. g4 fxg4 4. e4 d6 5. Nc3 Nf6 6. Bg5 e5 7. Bb5+ Nbd7 8. Bxf6 Qxf6 9. Qxg4 a6 10. Bf1 b5 11. Bh3 Be7 12. Qe6 b4 13. Nce2 Qh4 14. Qg4 Rf8 15. Qxh4 Bxh4 16. Ng3 g6 17. f3 Ke7 18. Kf2 a5 19. Kg2 Ba6 20. N1e2 Bb5 21. Rhd1 Bg5 22. Bxd7 Kxd7 23. Kf2 Kc7 24. Rg1 Bh4 25. a3 Bd7 26. Kg2 Bg5 27. Rh1 Bh4 28. Ra2 a4 29. axb4 cxb4 30. Rha1 Kb7 31. b3 axb3 32. cxb3 Rxa2 33. Rxa2 Rc8 34. Nf1 Bb5 35. Nfg3 Bxg3 36. hxg3 Bxe2 37. Rxe2 Rc3 38. Rb2 g5 39. Kf2 h5 40. Kg2 Kb6 41. Kf2 Kc5 42. Ra2 Rxb3 43. Ra6 Kd4 44. Rxd6 Rb2+ 45. Kg1 g4 46. fxg4 hxg4 47. Rb6 Kxe4 48. d6 Kf3 49. d7 Kxg3 50. Kf1 Rd2 51. Rb7 e4 52. Ke1 e3 53. Rxb4 Rxd7 54. Ke2 Re7 55. Ra4 Kh3 56. Ra8 Kg2 57. Rg8 g3 58. Rg6 Kh2 59. Rh6+ Kg1 60. Rg6 g2 61. Rh6 Rf7 62. Rh8 Rf2+ 63. Ke1 e2 64. Rh7 Rf1+ 65. Kxe2 Rf5 66. Rg7 Rf8 67. Ra7 Rh8 68. Rg7 Kh2 69. Kf2 g1Q+ 0-1

[Event "CZE-chTJ 0001"]
[Site "Czech Republic"]
[Date "2000.??.??"]
[Round "3"]
[White "Trmota, Zdenek"]
[Black "Kepka, Miloslav"]
[Result "1/2-1/2"]
[WhiteElo "2240"]
[BlackElo "1980"]
[PlyCount "112"]
[EventDate "2000.??.??"]
[EventType "team"]
[EventRounds "11"]
[EventCountry "CZE"]
[SourceTitle "EXT 2002"]
[Source "ChessBase"]
[SourceDate "2001.11.25"]
[SourceVersion "1"]
[SourceVersionDate "2001.11.25"]
[SourceQuality "1"]

1. d4 Nf6 2. Nf3 e6 3. c4 d5 4. Nc3 Nbd7 5. cxd5 exd5 6. Bf4 c6 7. a3 a5 8. Qc2 Be7 9. Nb5 Kf8 10. Bc7 Qe8 11. Nc3 Bd8 12. Bxd8 Qxd8 13. e3 g6 14. Bd3 Kg7 15. 0-0 Re8 16. b4 axb4 17. axb4 Rxa1 18. Rxa1 Qc7 19. b5 c5 20. dxc5 Qxc5 21. Qb2 Qd6 22. Ne2 Nc5 23. Nf4 Ne6 24. Ra4 Nxf4 25. Rxf4 Re6 26. h4 Kg8 27. Ra4 Re8 28. Ra8 Bg4 29. Rxe8+ Nxe8 30. Ne5 Be6 31. Qd4 b6 32. Be2 Qa3 33. Qd1 Qd6 34. Nc6 Bd7 35. Nd4 Nc7 36. Qb3 Ne6 37. Nf3 d4 38. exd4 Nxd4 39. Nxd4 Qxd4 40. g3 Be6 41. Qa3 Qe5 42. Qd3 Bd5 43. Bf1 Qe4 44. Qxe4 Bxe4 45. f4 h6 46. Kf2 f5 47. Bc4+ Kf8 48. Ke3 Ke7 49. Kd4 Bf3 50. Ke5 Bd1 51. Bd3 Bf3 52. Bf1 Bd1 53. Kd5 Bf3+ 54. Ke5 Bd1 55. Bg2 Be2 56. Bc6 Bd1 1/2-1/2

[Event "Schneider Bohemia op-A"]
[Site "Plzen"]
[Date "2000.??.??"]
[Round "?"]
[White "Trmota, Zdenek"]
[Black "Nosek, Frantisek"]
[Result "1/2-1/2"]
[WhiteElo "2240"]
[BlackElo "2125"]
[PlyCount "80"]
[EventDate "2000.??.??"]
[EventType "swiss"]
[EventRounds "9"]
[EventCountry "CZE"]
[SourceTitle "EXT 2003"]
[Source "ChessBase"]
[SourceDate "2002.11.25"]
[SourceVersion "1"]
[SourceVersionDate "2002.11.25"]
[SourceQuality "1"]

1. d4 d5 2. Nf3 Nf6 3. c4 c6 4. Nc3 Bf5 5. cxd5 Nxd5 6. Qb3 Qb6 7. Qxb6 Nxb6 8. e4 Bg6 9. Ne5 e6 10. h4 f6 11. Nxg6 hxg6 12. Be3 N8d7 13. 0-0-0 0-0-0 14. Be2 Bd6 15. g3 a6 16. Kb1 Kb8 17. b3 Bb4 18. Kb2 f5 19. f3 Bd6 20. Rhg1 Rde8 21. Bf2 Be7 22. a4 Rhf8 23. Be3 Bf6 24. Rd2 Rc8 25. a5 Na8 26. b4 Nc7 27. Kb3 Nb5 28. Na4 e5 29. d5 Nd4+ 30. Bxd4 exd4 31. dxc6 Rxc6 32. b5 Rd6 33. bxa6 bxa6 34. Rb1 Ka7 35. Ka2 Rb8 36. Rxb8 Kxb8 37. Bd3 fxe4 38. Bxe4 Bd8 39. Rb2+ Kc8 40. Rc2+ Kb8 1/2-1/2